Statistiche per Riconosci il Calciatore - Quiz n°49

Clicka qui per fare il quiz!

Statistiche generali

  • Questo quiz è stato fatto 7 volte
  • Il punteggio medio è 13 su 23

Statistiche sulle risposte

IndizioRisposta% Corretto
RuoloDifensore
100%
NazionalitàItalia
100%
Trofei per clubCampionato italiano: 4
Juventus: 1996-1997, 1997-1998, 2001-2002, 2002-2003
Supercoppa italiana: 3
Juventus: 1997, 2002, 2003
Coppa Intercontinentale: 1
Juventus: 1996
Supercoppa UEFA: 1
Juventus: 1996
Coppa Intertoto UEFA: 1
Juventus: 1999
80%
Squadra di club 1Salernitana 1990-1992
80%
Squadra di club 10San Genesio 2010-2012
80%
Data di nascita12/08/1973
60%
Squadra di club 2Bologna 1992-1993
60%
Squadra di club 5Juventus 1996-2005
60%
Squadra di club 6Maiorca 2005-2006
60%
Squadra di club 3Monza 1993-1994
60%
Squadra di club 4Salernitana 1994-1996
60%
Trofei individuali0
40%
Trofei per nazionali0
40%
Gol in nazionale1
40%
Gol nei club15
40%
Altezza187 cm
40%
Presenze in nazionale19
40%
Presenze nei club417
40%
Peso83 kg
40%
CalciatoreMark Iuliano
40%
Squadra di club 8Messina 2006-2007
40%
Squadra di club 9Ravenna 2008-2008
40%
Squadra di club 7Sampdoria 2006-2006
40%

Distribuzione punteggi

Percentile per numero di risposta

Percentuale di utenti per punteggio

I tuoi punteggi nel tempo

Non hai fatto questo quiz